| 000 | 01021nam a2200229Ia 4500 | ||
|---|---|---|---|
| 003 | GCL | ||
| 005 | 20240530103935.0 | ||
| 008 | 140319s9999 xx 000 0 ara d | ||
| 040 |
_aGCL / _cGCL |
||
| 082 | 0 | 4 |
_a610.9 _bس م |
| 100 | 1 | _aابن سينا: شرف الملك ابوعلى الحسين بن عبدالله الحسين على البخارى | |
| 245 | 1 | 0 |
_aمن مؤلفات ابن سينا الطيبة / _cابن سينا: شرف الملك ابوعلى الحسين بن عبدالله الحسين على البخارى ، تحقيق محمد زهير البابا |
| 260 |
_aحلب : _bمعهد التراث العلمى العربى ، _c1984 |
||
| 300 |
_a355 ص ؛ _c32 سم |
||
| 490 |
_aمصادر ودراسات فى تاريخ الطب العربى _v5 |
||
| 650 | 0 | 4 | _aالحضارة |
| 650 | 0 | 4 | _aالعلوم عند العرب |
| 650 | 0 | 4 | _aالحضارة الاسلامية |
| 650 | 0 | 4 | _aالطب - تاريخ |
| 700 | 1 |
_aمحمد زهير البابا _eمحقق |
|
| 942 |
_2ddc _cBK |
||
| 999 |
_c43597 _d43597 |
||